| 000 | 00691nam a2200253Ia 4500 | ||
|---|---|---|---|
| 003 | OSt | ||
| 005 | 20220926023855.0 | ||
| 006 | a|||||r|||| 00| 0 | ||
| 007 | ta | ||
| 008 | 220923b |||||||| |||| 00| 0 eng d | ||
| 037 | _cGeneral Book | ||
| 040 |
_aRTL _cRTL _beng |
||
| 041 |
_2eng _aeng |
||
| 082 | _aY, J5;K8 | ||
| 100 |
_aBroom Leonard _911076 |
||
| 245 | 0 |
_aSocioogy _b A text with adapted readings |
|
| 250 | _a4 | ||
| 260 |
_aNY _bHarper and Row _c1968 |
||
| 300 |
_axiii, 562p _ccm. |
||
| 650 | _aEssays Sociology | ||
| 700 |
_a Selznick Philip _911077 |
||
| 942 |
_hY, J5;K8 _cGB _2CC |
||
| 999 |
_c642502 _d642502 |
||